Afghanistan : (Record no. 42873)

MARC details
000 -LEADER
fixed length control field 00719nam a22001937a 4500
005 - DATE AND TIME OF LATEST TRANSACTION
control field 2010082100370.0
010 ## - LCCN (DPL NO)
LC control number ENG-101159
020 ## - INTERNATIONAL STANDARD BOOK NUMBER
International Standard Book Number 9788124115121
Terms of availability 295.00
035 ## - SYSTEM CONTROL NUMBER
System control number EN-84692
037 ## - SOURCE OF ACQUISITION
Source of stock number/acquisition DBAD/PUB
082 ## - DEWEY DECIMAL CLASSIFICATION NUMBER
Classification number 958.1
245 ## - TITLE STATEMENT
Title Afghanistan :
Remainder of title India 's strategic stakes /
Statement of responsibility, etc by centre for joint warfare studies
260 ## - PUBLICATION, DISTRIBUTION, ETC. (IMPRINT)
Place of publication, distribution, etc New Delhi
Name of publisher, distributor, etc Har-Anand Publications
Date of publication, distribution, etc 2010
270 ## - ADDRESS
Address E-49/3, Okhla Industrial Area, Phase -II
City New Delhi
Postal code 110020
300 ## - PHYSICAL DESCRIPTION
Extent 168p.
Dimensions 23cm (Hb)
Accompanying material maps
500 ## - GENERAL NOTE
General note Includes index
942 ## - ADDED ENTRY ELEMENTS (KOHA)
Source of classification or shelving scheme Dewey Decimal Classification
Item type English Books
Classification part 958.1
Call number suffix AFG
Holdings
Withdrawn status Lost status Not for loan Collection code Home library Current library Date acquired Source of acquisition Cost, normal purchase price Full call number Barcode Copy number Cost, replacement price Koha item type
    Not For Loan Non-fiction D.B.Act.Division D.B.Act.Division 21/08/2010 DBAD/PUB 295.00 958.1 AFG EN-84692 1 295.00 English Books

© Delhi Public Library
Hit Counter
free hit counter